书目信息 |
| 题名: |
园林植物病虫害防治
|
|
| 作者: | 陈友 , 孙丹萍 主编 | |
| 分册: | ||
| 出版信息: | 北京 中国林业出版社 2013 |
|
| 页数: | 376页 | |
| 开本: | 26cm | |
| 丛书名: | ||
| 单 册: | ||
| 中图分类: | S436.8 | |
| 科图分类: | ||
| 主题词: | 园林植物--病虫害防治--高等职业教育--教材 , 园林植物 , 病虫害防治 | |
| 电子资源: | ||
| ISBN: | 978-7-5038-7122-1 | |
| 000 | 01223nam0 2200289 450 | |
| 001 | 012015000183 | |
| 005 | 20150914161629.10 | |
| 010 | @a978-7-5038-7122-1@dCNY49.00 | |
| 100 | @a20140429d2013 em y0chiy50 ea | |
| 101 | 0 | @achi |
| 102 | @aCN@b110000 | |
| 105 | @aa z 000yy | |
| 106 | @ar | |
| 200 | 1 | @a园林植物病虫害防治@9yuan lin zhi wu bing chong hai fang zhi@f陈友,孙丹萍主编 |
| 205 | @a2版 | |
| 210 | @a北京@c中国林业出版社@d2013 | |
| 215 | @a376页@c图@d26cm | |
| 300 | @a教育部林业职业教育教学指导委员会 高职园林类专业工学结合“十二五”规划教材 | |
| 330 | @a本书内容共分7个单元16个项目33个工作任务,包括识别园林植物病虫害、园林植物病虫害发生发展规律、园林植物病虫害调查与测报、园林植物病虫害防治策略及措施、园林植物害虫及其防治技术、园林植物微生物病害及其防治技术、园林植物其他有害生物及其防治技术。每个学习性工作任务由工作任务、知识准备、任务实施、拓展知识、自测题和自主学习资源库6个部分组成。 | |
| 606 | 0 | @a园林植物@x病虫害防治@x高等职业教育@j教材 |
| 606 | 0 | @a园林植物 |
| 606 | 0 | @a病虫害防治 |
| 690 | @aS436.8@v5 | |
| 701 | 0 | @a陈友@9chen you@f(1973~)@4主编 |
| 701 | 0 | @a孙丹萍@9sun dan ping@c(女,@f1965~)@4主编 |
| 801 | 0 | @aCN@b碧洲教育@c20150716 |
| 905 | @a10447@f3@dS436.8@e103=2 | |
| 园林植物病虫害防治/陈友,孙丹萍主编.-2版.-北京:中国林业出版社,2013 |
| 376页:图;26cm |
| 教育部林业职业教育教学指导委员会 高职园林类专业工学结合“十二五”规划教材 |
| ISBN 978-7-5038-7122-1:CNY49.00 |
| 本书内容共分7个单元16个项目33个工作任务,包括识别园林植物病虫害、园林植物病虫害发生发展规律、园林植物病虫害调查与测报、园林植物病虫害防治策略及措施、园林植物害虫及其防治技术、园林植物微生物病害及其防治技术、园林植物其他有害生物及其防治技术。每个学习性工作任务由工作任务、知识准备、任务实施、拓展知识、自测题和自主学习资源库6个部分组成。 |
| ● |
| 相关链接 |
|
|
|
|
正题名:园林植物病虫害防治
索取号:S436.8/103=2
 
预约/预借
| 序号 | 登录号 | 条形码 | 馆藏地/架位号 | 状态 | 备注 |
| 1 | 0870348 | 208703483 | 第二样本阅览室/ [索取号:S436.8/103=2] | 在馆 | |
| 2 | 0870349 | 208703492 | 第三借阅区/ [索取号:S436.8/103=2] | 在馆 | |
| 3 | 0870350 | 208703508 | 第三借阅区/ [索取号:S436.8/103=2] | 在馆 |